000 00316nam a2200121Ia 4500
008 190802s9999 xx 000 0 und d
020 _a978-0-19-940610-4
100 _aIqbal M.Khan
245 0 _aNew Frontiers of Entrepreneurship
260 _aIndia
_bOxford University Press
_c2017
300 _a210:p
942 _cBK
999 _c2234
_d2234